| 000 -LEADER |
| fixed length control field |
00560nam a2200193Ia 4500 |
| 008 - FIXED-LENGTH DATA ELEMENTS--GENERAL INFORMATION |
| fixed length control field |
200103s 1975 ||||xx |||||||||||||| ||und|| |
| 020 ## - INTERNATIONAL STANDARD BOOK NUMBER |
| International Standard Book Number |
0273008803 |
| 082 ## - DEWEY DECIMAL CLASSIFICATION NUMBER |
| Classification number |
620.106 |
| Item number |
DOU |
| 100 ## - MAIN ENTRY--PERSONAL NAME |
| Personal name |
Douglas, John F. |
| 245 #0 - TITLE STATEMENT |
| Title |
Solution of problems in fluid mechanics: a problem-based textbook, Part. 2 |
| 250 ## - EDITION STATEMENT |
| Edition statement |
All-metric edition |
| 260 ## - PUBLICATION, DISTRIBUTION, ETC. (IMPRINT) |
| Name of publisher, distributor, etc |
Pitman Publishing |
| Date of publication, distribution, etc |
1975 |
| Place of publication, distribution, etc |
London |
| 300 ## - PHYSICAL DESCRIPTION |
| Extent |
ix, 253 p.: ill. |
| 504 ## - BIBLIOGRAPHY, ETC. NOTE |
| Bibliography, etc |
Includes index |
| 650 ## - SUBJECT ADDED ENTRY--TOPICAL TERM |
| Topical term or geographic name as entry element |
Hydraulic engineering |
| 650 ## - SUBJECT ADDED ENTRY--TOPICAL TERM |
| Topical term or geographic name as entry element |
Hydraulics |
| 650 ## - SUBJECT ADDED ENTRY--TOPICAL TERM |
| Topical term or geographic name as entry element |
Fluid mechanics |
| 942 ## - ADDED ENTRY ELEMENTS (KOHA) |
| Item type |
Books |